Word Ladder: Use Your Eyes Quiz Stats

Quiz Updated Feb 26, 2015

Challenge
Share
Tweet
Embed
Score 0/22 Timer 02:00
0 Plays Today
Hint 4-Letter Word % Correct
Opposite of lessMORE
97.3%
Make dinnerCOOK
96.9%
Use your eyesLOOK
96.9%
Bottle stopperCORK
95.2%
Chimney grimeSOOT
92.8%
TV alien played by Robin WilliamsMORK
91.7%
Booty or treasureLOOT
91.7%
A labyrinthMAZE
88.9%
Use your eyesGAZE
81.6%
Husband or wife, e.g.MATE
80.7%
The highest pointPEAK
76.8%
Hint 4-Letter Word % Correct
A bit of dustMOTE
76.4%
A thin openingSLIT
74.2%
Use your eyesPEEK
71.3%
Milk source for a calfTEAT
69.8%
A furniture woodTEAK
68.2%
Use your eyesPEER
64.6%
A wooden supporter of plasterSLAT
57.4%
An act of derring-doFEAT
56.6%
ExpectorateSPIT
55.3%
Use your eyesSPOT
52.7%
A type of noteFLAT
51.9%

Today's Daily Dose

You're not logged in!

Compare scores with friends on all Sporcle quizzes.
Sign Up with Email
OR
Log In

You Might Also Like...

Show Comments

Extras

Top Quizzes Today


Score Distribution

Your Account Isn't Verified!

In order to create a playlist on Sporcle, you need to verify the email address you used during registration. Go to your Sporcle Settings to finish the process.